| 000 | 00494nam a2200205Ia 4500 | ||
|---|---|---|---|
| 003 | LK-CoDNM | ||
| 008 | 010623t1929 xxu||||| |||| 00| 1 eng d | ||
| 040 |
_aLK-CoDNM _dLK-CoDNM _eLK-CoDNM |
||
| 041 | _aeng | ||
| 080 | _a49710.273545 | ||
| 100 | _aAnthonise, R.G. | ||
| 245 | _aThe Dutch in Ceylon | ||
| 260 |
_bC.A.C. press _aColombo _c1929 |
||
| 300 | _b189p., iill., 22 cm | ||
| 650 | _aGalle | ||
| 650 | _aKalutara | ||
| 650 | _aKing Rajasingha | ||
| 650 | _aNegombo | ||
| 942 | _cBK | ||
| 999 |
_c94740 _d94740 |
||